Lập trình hướng đối tượng C++

Na minha lista:
Detalhes bibliográficos
Autor principal: Trần, Văn Lăng
Formato: Livro
Idioma:Undetermined
Publicado em: Hà Nội Thống kê 1997
Assuntos:
Tags: Adicionar Tag
Sem tags, seja o primeiro a adicionar uma tag!
Thư viện lưu trữ: Trung tâm Học liệu Trường Đại học Cần Thơ
LEADER 00573nam a2200193Ia 4500
001 CTU_20239
008 210402s9999 xx 000 0 und d
020 |b 24.500đ 
082 |a 005.133 
082 |b L116 
100 |a Trần, Văn Lăng 
245 0 |a Lập trình hướng đối tượng C++ 
245 0 |c Trần Văn Lăng 
260 |a Hà Nội 
260 |b Thống kê 
260 |c 1997 
650 |a C ( computer programs language ) 
904 |i Nguyễn Quang Điền 
980 |a Trung tâm Học liệu Trường Đại học Cần Thơ